000 00360pab a2200145 454500
008 180718b1995 xxu||||| |||| 00| 0 eng d
100 _aAnanthachari, T.
245 _aForeigners
_bproblems of detection.
260 _c1995
300 _ap.11
362 _a2 May
650 _aIndia - Emigration and immigration
773 _aHindustan Times
909 _a28960
999 _c28960
_d28960